Statistiques concernant Les prénoms les plus attribués en France entre 2000 et 2009

Cliquez ici pour prendre le quiz!

Statistiques générales

  • Ce quiz a été pris 16 595 fois
  • Le résultat moyen est 46 sur 100

Statistiques - réponses

36HintRéponse% Correct
80Lou
87%
35Julie
85%
2Léa
84%
23Marie
84%
18Louis
81%
28Paul
81%
24Léo
77%
4Emma
75%
5Thomas
70%
1Lucas
68%
7Théo
67%
50Louise
66%
56Pierre
66%
9Camille
63%
10Chloé
63%
40Jules
63%
77Kévin
63%
6Manon
63%
19Alexandre
62%
20Antoine
61%
47Julien
61%
8Hugo
59%
51Juliette
58%
30Lucie
58%
12Maxime
57%
15Sarah
57%
39Laura
56%
13Clara
55%
3Enzo
54%
48Pauline
54%
17Clément
53%
76Jeanne
51%
22Tom
51%
49Gabriel
50%
69Mathieu
50%
34Nicolas
50%
33Romain
50%
79Emilie
49%
46Lisa
49%
54Zoé
49%
59Charlotte
48%
68Marine
48%
11Nathan
48%
25Quentin
48%
91Alice
47%
41Eva
47%
27Jade
47%
38Valentin
47%
95Marion
46%
37Mathilde
46%
14Mathis
46%
71Victor
46%
31Arthur
45%
83Maël
45%
26Alexis
44%
16Inès
43%
44Lola
43%
63Justine
42%
32Baptiste
41%
36Raphaël
41%
74Clémence
40%
84Elisa
40%
100Martin
40%
86Noa
40%
43Mathéo
39%
93Margaux
37%
29Anaïs
36%
78Anthony
36%
55Benjamin
36%
98Guillaume
36%
52Romane
36%
87Simon
36%
66Léna
35%
45Axel
34%
72Lilou
34%
21Océane
34%
65Florian
33%
89Mohamed
33%
70Noémie
32%
60Adrien
31%
58Maxence
30%
73Corentin
29%
62Célia
28%
96Lina
28%
85Samuel
28%
88Morgane
27%
94Alicia
26%
64Dylan
26%
67Ethan
26%
61Maéva
26%
57Mattéo
26%
53Noah
26%
97Sacha
26%
90Ambre
25%
81Maélys
23%
82Adam
22%
92Mélissa
22%
42Yanis
22%
75Evan
20%
99Rayan
16%

Distribution des résultats

Percentile par nombre de réponses

% des personnes avec chaque résultat

Votre développement - résultats

Vous n’avez pas pris ce quiz